000 00572nam a22001697a 4500
008 230622b |||||||| |||| 00| 0 eng d
020 _a9788126563715
050 _aG 155 .A1M386 2011
100 _aCharles R. Goeldner
245 _aTourism:
_bPrinciples, practices, philosophies
_cGoeldner, Charles R.
250 _a12th ed.
260 _aNew jersey:
_bJohn wiley & sons,
_c2011.
300 _axviii,494p.:
_bill.;
_c27cm.
504 _aIncludes bibliographical references and index.
760 _b12th ed
942 _2lcc
_cBOOKS
_hG 155 .A1M386 2011
999 _c31632
_d31632